| 000 | | | 05855cbc2a2200000#x 450 |
| 001 | | | ffb759ad-3933-4826-b0fd-e967e50c4023 |
| 005 | | | 20240426095645.0 |
| 101 | 0# | $a | rus |
| 102 | ## | $a | RU |
| 200 | 1# | $a | Дело по запросу членов Государственной думы Четвертого созыва морскому министру о тяжелом положении Обуховского завода |
| | $j | 15 ноября - 2 декабря 1913 г. |
| 251 | ## | $c | Дело |
| 215 | ## | $a | 7 листов |
| | $d | 36,5х26 см |
| 225 | 0# | $a | Фонд Государственная дума I, II, III и IV созывов |
| | $h | Опись № 5 |
| 300 | ## | $a | Оригинальный заголовок дела: Дело по запросу к морскому министру, в порядке статьи 40 Учреждения Государственной думы, о разъяснении по вопросу об условиях труда рабочих Обуховского завода и о вызванных такими условиями экономических забастовках. (Внесено за подписью 31 члена Государственной думы 15 ноября 1913 г.). 15 ноября 1913 г. - 2 декабря 1913 г. |
| 300 | ## | $a | Машинописный и рукописный текст |
| 801 | #0 | $a | RU |
| | $b | РГИА |
| 801 | #1 | $a | RU |
| | $b | ПБ им. Б.Н. Ельцина |
| | $2 | rusmarc |
| | $c | 20170802 |
| 801 | #2 | $a | RU |
| | $b | ПБ им. Б.Н. Ельцина |
| | $c | 20170802 |
| | $g | RCR |
| | $2 | rusmarc |
| 850 | ## | $a | Федеральное казенное учреждение "Российский государственный исторический архив" |
| 852 | ## | $a | РГИА |
| | $j | 931 |
| 100 | ## | $a | 20140206l19131913k##a0rusy0102####са |
| 937 | ## | $d | 10949789 |
| | $h | ПБ |
| 105 | ## | $a | y### |
| 122 | 2# | $a | d19131115## |
| | $a | d19151202## |
| 517 | 1# | $a | Дело по запросу к морскому министру, в порядке статьи 40 Учреждения Государственной думы, о разъяснении по вопросу об условиях труда рабочих Обуховского завода и о вызванных такими условиями экономических забастовках. (Внесено за подписью 31 члена Государственной думы 15 ноября 1913 г.) |
| | $e | 15 ноября 1913 г. - 2 декабря 1913 г. |
| 461 | #0 | $1 | 00148572405-38c5-4094-b713-85756505f9f4 |
| | $1 | 2001 |
| | $a | Государственная Дума I, II, III и IV созывов |
| | $1 | 251 |
| | $c | Фонд |
| | $1 | 852 |
| | $j | 1278 |
| 462 | #0 | $1 | 001738a68d6-6ea7-48b2-886e-08c6c19a37fc |
| | $1 | 2001 |
| | $a | 1912-1917 гг. |
| | $v | Д. 931 |
| | $1 | 251 |
| | $c | Опись |
| | $1 | 852 |
| | $j | 5 |
| 035 | ## | $a | ffb759ad-3933-4826-b0fd-e967e50c4023 |
| 856 | ## | $u | http://readingroom.main.prlib.ru/item.aspx?id_node=n101120770 |
| 605 | ## | $2 | acquisition_Prlib |
| | $3 | LIBNET\UAF\0000110675 |
| | $a | Обуховский завод: из истории становления отечественной промышленности |
| | $l | коллекция |
| 605 | ## | $2 | acquisition_Prlib |
| | $3 | DITM\AF\0000003834 |
| | $a | Народ |
| | $l | коллекция |
| 601 | 02 | $2 | prlib_sh |
| | $3 | LIBNET\UAF\0000111922 |
| | $a | Обуховский сталелитейный завод |
| | $c | Санкт-Петербург, город |
| | $j | Архивные дела |
| | $x | История |
| 601 | 01 | $2 | prlib_sh |
| | $3 | LIBNET\UAF\0000093585 |
| | $a | Россия |
| | $b | Государственная дума |
| | $b | Созыв |
| | $c | 4 |
| | $j | Архивные дела |
| | $x | Деятельность |
| 686 | ## | $2 | rubbk |
| | $a | 65.03(2-2СПб)53ю1 |
| | $v | LBC/M |